000
00239nam a2200097Ia 4500
001
653850
005
20250826154506.0
008
250824s9999 xx 000 0 und d
245
0
_a
MIZIKACI
_c
YEŞİM ARMUTAK
260
_b
GÜNIŞIĞI YAYINLARI
999
_c
653850
_d
653850